| 000 | 00520cam a2200205ua 4500 | ||
|---|---|---|---|
| 001 | 2804 | ||
| 005 | 20260515113557.0 | ||
| 008 | 110908n ii |||gr||||Z||||||asm | ||
| 040 | _cMAIN | ||
| 082 | _a891.4512 | ||
| 100 | 1 |
_aChekhov, Anton, _eAuthor. |
|
| 245 | 1 | 1 |
_aSagar chilani _cby Anton Chekhov |
| 250 | _a1st. | ||
| 260 |
_aGuahati: _bPublication board assam,990. |
||
| 300 |
_a85p: _c23cm. |
||
| 653 | _aAssamese drama | ||
| 653 | _aSagar chilani | ||
| 700 | 1 |
_aBaruah, Satyaprasad, _etranslator. |
|
| 942 | _cBK | ||
| 999 |
_c2651 _d2651 |
||